[Event "NOR-ch Class4"]
[Site "Oslo"]
[Date "2015.07.04"]
[Round "6"]
[White "Andersen, Aasmund"]
[Black "Knutsen, Markus"]
[Result "0-1"]
[WhiteElo "1197"]
[BlackElo "1135"]
[PlyCount "80"]
[EventDate "2015.07.04"]
[EventType "swiss"]
[EventRounds "9"]
[EventCountry "NOR"]
[SourceTitle "EXT 2017"]
[Source "ChessBase"]
[SourceDate "2016.10.25"]
[SourceVersion "1"]
[SourceVersionDate "2016.10.25"]
[SourceQuality "1"]

1. Nc3 d5 2. e4 d4 3. Nce2 e5 4. Nf3 f6 5. c3 c5 6. Ng3 Be6 7. Bb5+ Nd7 8. 0-0 Bd6 9. Nh4 Ne7 10. d3 Qa5 11. Qh5+ g6 12. Bxd7+ Kxd7 13. Qf3 Raf8 14. Bh6 Rf7 15. c4 Kc8 16. a3 Qb6 17. b4 cxb4 18. c5 Bxc5 19. Rfc1 b3 20. Rxc5+ Kb8 21. Rd5 Rc8 22. Rb1 g5 23. Nhf5 b2 24. Nf1 Rc1 25. Rxb2 Qxb2 26. Rd8+ Kc7 27. Nd6 Qb1 28. Qe2 Re1 29. Qxe1 Qxe1 30. Nxf7 Bxf7 31. Rf8 Bb3 32. Rxf6 Ng8 33. Bxg5 Nxf6 34. Bxf6 Kd6 35. g4 Bc2 36. Kg2 Bxd3 37. Ng3 Bxe4+ 38. f3 d3 39. Bg5 Ke6 40. Be3 Bg6 0-1